[Event "UGA-chT"]
[Site "Kampala"]
[Date "2022.08.14"]
[Round "3"]
[White "Akabo, Mike"]
[Black "Abdullahi, Garba Haruna"]
[Result "1/2-1/2"]
[WhiteElo "2089"]
[BlackElo "1804"]
[PlyCount "82"]
[EventDate "2022.07.10"]
[EventType "team-swiss"]
[EventRounds "14"]
[EventCountry "UGA"]
[SourceTitle "EXT 2024"]
[Source "ChessBase"]
[SourceDate "2023.10.10"]
[SourceVersion "1"]
[SourceVersionDate "2023.10.10"]
[SourceQuality "1"]
[WhiteTeam "Bulemeezi Diatoms CC"]
[BlackTeam "Mulago Kings"]
[WhiteTeamCountry "UGA"]
[BlackTeamCountry "UGA"]

1. e4 e5 2. Nc3 Nc6 3. g3 Nf6 4. Bg2 Bc5 5. Nge2 d6 6. d3 0-0 7. 0-0 Bg4 8. h3 Bxe2 9. Qxe2 Nd4 10. Qd1 a6 11. Bg5 h6 12. Be3 c6 13. Qd2 Nh7 14. Nd1 f5 15. c3 f4 16. gxf4 exf4 17. cxd4 fxe3 18. fxe3 Rxf1+ 19. Bxf1 Ba7 20. Bg2 Qh4 21. Qf2 Qh5 22. Qf3 Qh4 23. Nf2 Rf8 24. Qe2 Ng5 25. Rf1 Qg3 26. Kh1 c5 27. d5 Nf3 28. Ng4 Ng5 29. Rxf8+ Kxf8 30. Qf2+ Qxf2 31. Nxf2 Nf7 32. h4 Ke7 33. Bh3 b5 34. Bc8 a5 35. Ba6 b4 36. Kg2 Ne5 37. Kg3 h5 38. Kf4 Kf6 39. Nh3 Bb6 40. Ng5 Ng6+ 41. Kg3 Ne5 1/2-1/2

[Event "UGA-chT"]
[Site "Kampala"]
[Date "2022.07.24"]
[Round "2"]
[White "Abdullahi, Garba Haruna"]
[Black "Nkonge, Moses"]
[Result "1-0"]
[WhiteElo "1804"]
[BlackElo "1705"]
[PlyCount "60"]
[EventDate "2022.07.10"]
[EventType "team-swiss"]
[EventRounds "14"]
[EventCountry "UGA"]
[SourceTitle "EXT 2024"]
[Source "ChessBase"]
[SourceDate "2023.10.10"]
[SourceVersion "1"]
[SourceVersionDate "2023.10.10"]
[SourceQuality "1"]
[WhiteTeam "Mulago Kings"]
[BlackTeam "Mengo CC"]
[WhiteTeamCountry "UGA"]
[BlackTeamCountry "UGA"]

1. e4 c5 2. Nf3 e6 3. d4 cxd4 4. Nxd4 a6 5. g3 b5 6. Bg2 Bb7 7. 0-0 Qc7 8. Re1 Bb4 9. c3 Be7 10. Qg4 Bf8 11. Nd2 Nf6 12. Qe2 d6 13. N2b3 Be7 14. Bd2 Nbd7 15. a4 bxa4 16. Rxa4 0-0 17. Na5 Nb6 18. Raa1 d5 19. Nxb7 Qxb7 20. exd5 Bc5 21. dxe6 Qe7 22. exf7+ Qxf7 23. Bxa8 Rxa8 24. Qe6 Bxd4 25. cxd4 Nc4 26. Bc3 a5 27. Qxf7+ Kxf7 28. Ra4 Rc8 29. Bxa5 Ra8 30. Rxc4 Rxa5 1-0

[Event "UGA-ch op"]
[Site "Kampala"]
[Date "2022.02.17"]
[Round "1"]
[White "Ntume, Ivan"]
[Black "Abdullahi, Garba Haruna"]
[Result "1/2-1/2"]
[WhiteElo "1438"]
[BlackElo "1835"]
[PlyCount "93"]
[EventDate "2022.02.17"]
[EventType "swiss"]
[EventRounds "8"]
[EventCountry "UGA"]
[SourceTitle "EXT 2023"]
[Source "ChessBase"]
[SourceDate "2022.10.05"]
[SourceVersion "1"]
[SourceVersionDate "2022.10.05"]
[SourceQuality "1"]

1. e4 e5 2. Nf3 Nc6 3. Bc4 Bc5 4. 0-0 Nf6 5. Nc3 0-0 6. d3 d6 7. h3 h6 8. a3 a5 9. Be3 Bxe3 10. fxe3 Ne7 11. Nh4 d5 12. exd5 Nexd5 13. Nxd5 Nxd5 14. Qe1 Nxe3 15. Qxe3 Qxh4 16. Qxe5 Bd7 17. Qxc7 Bc6 18. Bxf7+ Kh8 19. Qe5 Qd8 20. Bh5 Rg8 21. b3 a4 22. b4 Qb6+ 23. Kh1 Rad8 24. Bf3 Rde8 25. Qd6 Re2 26. Bxc6 Qxc6 27. Qxc6 bxc6 28. Rac1 Rge8 29. Kg1 Kh7 30. Rf2 Re1+ 31. Rf1 R1e2 32. Rf2 Re1+ 33. Rxe1 Rxe1+ 34. Rf1 Re2 35. Rc1 Kg6 36. Kf1 Rd2 37. c4 Rxd3 38. b5 cxb5 39. cxb5 Rxa3 40. b6 Rb3 41. Rc4 a3 42. Ra4 Rb1+ 43. Kf2 Rb2+ 44. Kf3 a2 45. b7 Rb3+ 46. Kf4 Rxb7 47. Rxa2 1/2-1/2

[Event "UGA-chT 2122"]
[Site "Kampala"]
[Date "2021.11.21"]
[Round "5.3"]
[White "Abdullahi, Garba Haruna"]
[Black "Kanyike, Victor"]
[Result "1/2-1/2"]
[WhiteElo "1844"]
[BlackElo "1556"]
[PlyCount "66"]
[EventDate "2021.10.24"]
[EventType "team-swiss"]
[EventRounds "14"]
[EventCountry "UGA"]
[SourceTitle "EXT 2023"]
[Source "ChessBase"]
[SourceDate "2022.10.05"]
[SourceVersion "1"]
[SourceVersionDate "2022.10.05"]
[SourceQuality "1"]
[WhiteTeam "Mulago Kings"]
[BlackTeam "Crestals CC"]
[WhiteTeamCountry "UGA"]
[BlackTeamCountry "UGA"]

1. e4 c5 2. Nf3 e6 3. g3 g6 4. Bg2 Bg7 5. 0-0 Nc6 6. c3 Nge7 7. d4 cxd4 8. cxd4 0-0 9. d5 Ne5 10. Nxe5 Bxe5 11. f4 Qb6+ 12. Kh1 Bxb2 13. Bxb2 Qxb2 14. Qb3 Qxb3 15. axb3 exd5 16. exd5 Nf5 17. Re1 d6 18. Na3 Bd7 19. Nc4 h5 20. Na5 Rab8 21. Nc4 Rfe8 22. Be4 b5 23. Bxf5 Rxe1+ 24. Rxe1 Bxf5 25. Nxd6 Bc2 26. b4 Bb3 27. Re5 f6 28. Re7 Bxd5+ 29. Kg1 a6 30. Kf2 Rd8 31. Re8+ Rxe8 32. Nxe8 Kf7 33. Nc7 Bb7 1/2-1/2

[Event "Kampala Kantinti Memorial op"]
[Site "Kampala"]
[Date "2020.02.14"]
[Round "2"]
[White "Abdullahi, Garba Haruna"]
[Black "Mugide, Safinah"]
[Result "1-0"]
[WhiteElo "1868"]
[BlackElo "1458"]
[PlyCount "46"]
[EventDate "2020.02.14"]
[EventType "swiss"]
[EventRounds "7"]
[EventCountry "UGA"]
[SourceTitle "EXT 2021"]
[Source "ChessBase"]
[SourceDate "2020.10.23"]
[SourceVersion "1"]
[SourceVersionDate "2020.10.23"]
[SourceQuality "1"]

1. d4 Nf6 2. Nf3 d6 3. c4 g6 4. Nc3 Bg7 5. e4 Bg4 6. Be2 0-0 7. 0-0 Nbd7 8. Bf4 c5 9. d5 h6 10. Qd2 Bxf3 11. Bxf3 Kh7 12. Rad1 Ng8 13. b3 a6 14. g3 Qa5 15. Ne2 Qc7 16. Bg2 Rfd8 17. Qc2 Ndf6 18. Rfe1 Nh5 19. Bd2 Qd7 20. Bc3 Nhf6 21. h3 Qe8 22. Kh2 Rac8 23. Nf4 Qd7 1-0

[Event "Kampala Kireka op 4th"]
[Site "Kampala"]
[Date "2019.12.28"]
[Round "4"]
[White "Namaganda, Shanita"]
[Black "Abdullahi, Garba Haruna"]
[Result "0-1"]
[WhiteElo "1308"]
[BlackElo "1765"]
[PlyCount "73"]
[EventDate "2019.12.27"]
[EventType "swiss"]
[EventRounds "8"]
[EventCountry "UGA"]
[SourceTitle "EXT 2022"]
[Source "ChessBase"]
[SourceDate "2021.10.06"]
[SourceVersion "1"]
[SourceVersionDate "2021.10.06"]
[SourceQuality "1"]

1. e4 c5 2. Nf3 e6 3. d3 d6 4. g3 Nc6 5. Bg2 g6 6. Nc3 Bg7 7. 0-0 Nge7 8. Ne2 0-0 9. c3 a6 10. Be3 b5 11. Qc1 Bb7 12. Bh6 d5 13. exd5 Nxd5 14. Bxg7 Kxg7 15. c4 Nf6 16. cxb5 axb5 17. Qxc5 Qxd3 18. Nf4 Qf5 19. Qc3 b4 20. Qc1 Rac8 21. Qe3 Ne7 22. Nd4 Qa5 23. Bxb7 e5 24. Bxc8 Nxc8 25. Nb3 exf4 26. Nxa5 fxe3 27. fxe3 Nd6 28. Nc6 Re8 29. Nxb4 Rb8 30. Nd3 Nc4 31. Rfe1 Rd8 32. b3 Nd2 33. Ne5 Rc8 34. Re2 Nfe4 35. Nc4 Nf3+ 36. Kh1 h5 37. Kg2 0-1